| 000 | 00994cam a22003377a 4500 | ||
|---|---|---|---|
| 003 | CHAP | ||
| 005 | 20220817042238.0 | ||
| 008 | 971013s1977 r 00010 d | ||
| 010 | _a38550 | ||
| 011 | _a39522 | ||
| 035 | _a43643 | ||
| 040 | _cCHAP | ||
| 082 |
_a634.9257 _bF3 1977 |
||
| 110 | 2 | _aFAO | |
| 245 | 1 | 0 | _aManual sobre contratos de aprovechamiento de bosques en tierras públicas |
| 250 | _a2 ed. | ||
| 260 |
_aRoma : _bFAO, _c1977 |
||
| 300 | _a191 p. | ||
| 490 | 0 |
_aFAO. Montes _v; 1 |
|
| 590 |
_aBATCH-UPD _b10 _c20130110 _lUCH01 _h0848 |
||
| 590 |
_aBATCH-UPD _b10 _c20130410 _lUCH01 _h0521 |
||
| 590 |
_aBATCH-UPD _b10 _c20130914 _lUCH01 _h0712 |
||
| 590 |
_aCONVERSION _b10 _c20130109 _lUCH01 _h1321 |
||
| 650 | 1 | 4 |
_aBosques _xLeyes. _914322 |
| 650 | 1 | 4 |
_aBosques _xUtilización. _914405 |
| 700 | 0 |
_aSchmithusen, Franz. _9103071 |
|
| 830 | 0 |
_aFAO. Montes _v; 1 _939632 |
|
| 901 | _aBK | ||
| 942 | _cLIBRO | ||
| 949 |
_a634.9257 F3 1977 _bBC _cFAO _d-99861 _eFAO1 _h47138 _i43643 _si |
||
| 999 |
_c38550 _d38550 |
||